Countries of the World That Don't Actually Exist - Statistics

General Stats
  • This quiz has been taken 2 times
  • The average score is 3 of 15
Answer Stats
Answer % Correct
3. Egg
100%
5. Cheese
50%
1. Finland
50%
2. Ohio
50%
11. An Ecosystem
0%
4. Eggplant
0%
9. Girraffes
0%
13. God
0%
7. Guns
0%
6. Jetpunk.com
0%
10. Markiplier
0%
14. Not God
0%
8. Some Political Radical Who Claims Himself As A Independent Republic
0%
15. Why
0%
12. Your Mom
0%
No matching quizzes found
Score Distribution
Percent of People with Each Score
Percentile by Number Answered
Your Score History
You have not taken this quiz